Famous Athletes Americans Might Not Recognize - Statistics

General Stats
  • This quiz has been taken 365 times
  • The average score is 5 of 16
Answer Stats
Picture Answer % Correct
Mohamedd Salah (Soccer)
82%
Max Verstappen (Formula 1)
77%
Carlos Alcaraz (Tennis)
65%
Charles LeClerc (Formula 1)
54%
Coco Gauff (Women's Tennis)
25%
Eliud Kipchoge (Marathon Runner)
25%
Alex Honnold (Rock Climbing)
21%
Ilona Maher (Women's Rugby)
21%
Virat Kohli (Cricket)
21%
Tadej Pogacar (Cycling)
15%
Tommy Fleetwood (Golf)
15%
Jonas Vingegaard (Cycling)
13%
Alexia Putellas (Women's Soccer)
11%
Aja Wilson (Women's Basketball)
9%
Nelly Korda (Women's Golf)
5%
Hakuho Sho (Sumo)
2%
No matching quizzes found
Score Distribution
Percent of People with Each Score
Percentile by Number Answered
Your Score History
You have not taken this quiz